1448 1144 1264 1129 1927 1401 1829 1436 1064 1305 1178 1077 1667 1458 1000 1897 1777 1403 1247 1504 1232 1384 1745 1497 1295 1425 1927 1185 1492 1347 1792 1942 1284 1610 1878 1706 1019 1171 1911 1574 1469 1680 1502 1991 1509 1487 1582 1870 1774 1399 1594 1761 1195 1377 1600 1313 1952 1465 1859 1447 1794 1668 1362 1242 1016 1788 1747 1224 1481 1048 1553 1149 1355 1958 1070 1580 1338 1240 1786 1838 1123 1413 1173 1812 1239 1735 1222 1296 1498 1791 1659 1432 1619 1698 1154 1206 1160 1148 1256 BCNSPRNW ULIB Ver.6.0+V

เปลี่ยนเป็นภาษาไทย

Change to English
 แสดงรายละเอียดบรรณานุกรม
  กลับหน้าหลัก

Brief Record : Get Marc (ISO 2709) : E-mail record : QR code < ปิดหน้าต่าง
LEADER : 00000nam 2200000uu 4500
001    13399108750
003     ULIB
008    110314s2552||||th 000 0 tha d
020    9789741111282
060 04 W26^bก351ศ 2552
245 00 ศิริราชอวดของดี /^cเล่าเรื่องโดย กองบรรณาธิการทีมพิพิธภัณฑ์การแพทย์ศิริราช
250    พิมพ์ครั้งที่ 1
260    กรุงเทพฯ :^bแปลน พริ้นท์ติ้ง,^c2552
300    229 หน้า :^bภาพประกอบสี ;^c21 ซม.
610 27 โรงพยาบาลศิริราช^xประวัติ
650  7 การแพทย์^xประวัติ
650  7 การแพทย์^xเครื่องมือและอุปกรณ์
710 2  กองบรรณาธิการ ทีมพิพิธภัณฑ์การแพทย์ศิริราช
945    ^p299^l0^i029170
995    ทศพร
999 ^a ใช้งานได้ทุกระบบ
รายการนี้ยังไม่มีแท็ก
คุณยังไม่ได้ล็อกอิน คุณสามารถมีกิจกรรมร่วมกับเว็บไซต์ได้ แต่ต้องล็อกอินก่อน ::
  ล็อกอิน

รายการสื่อสารสนเทศ

ลำดับที่ ประเภท เลขเรียก/บาร์โค้ด สถานที่ สถานะ
- ไม่พบข้อมูล -

BibComment


ยังไม่เคยถูกคอมเมนท์

คอมเมนท์ทรัพยากรรายการนี้
  คอมเมนท์: ศิริราชอวดของดี ..


 Copyright 2026. Bcnsprnw @Library